00336nam a2200121Ia 4500008004100000020001400041050001500055100002200070245004400092260004100136300002400177650001300201150202s9999 xx 000 0 und d a373511787 aFIC bFIC  aRichards, Emilie. aSomewhere out there /cEmilie Richards. aNew York :bSilhouette Books,c1993. a249 pages :c18 cm. aFiction.